000 00600nam a22002537a 4500
999 _c314989
_d314989
001 28620
003 UA-OsUOA
005 20200615172525.0
007 ta
008 20050413b un ||||| |||| 00| 0 ukr d
020 _a5770769866
040 _aUA-OsUOA
_bukr
_cUA-OsUOA
_dUA-OsUOA
041 _aukr
044 _aUA
080 _a06(477)
090 _a06(477)
_bС17
100 _aСамойленко Г. В.
245 _aНіжинська вища школа: 1820-1995
260 _aНіжин
_bНГПІ
_c1995
300 _a105 с.
650 7 _2UDC
942 _cBK
_2udc
955 _a0